000 01084nam a2200265Ia 4500
003 OSt
005 20220923211103.0
006 a|||||r|||| 00| 0
007 ta
008 220922b |||||||| |||| 00| 0 hin d
020 _a8179170187 (hbk)
_c125
024 _a262,134
037 _b69, 02/07/2012, Eastern Book Linkers
_cTextual
040 _aARTS
_cARTS
_bhin
041 _2hin
_ahin
082 _aX:3M24xM18, 152P4
100 _aप्लेखानोव, जी.वी.; मिश्र, गिरीश, अनु.
_9158043
245 0 _aमार्क्सवाद की मूल समस्याएं
246 _aMārksavād kī mūl samasyāean
260 _aदिल्ली
_b ग्रंथ शिल्पी
_c2004
300 _a101पृ.
_ccm.
650 _aभारतीय अर्थव्यवस्था
_9158044
942 _hX:3M24xM18, 152P4
_cTEXL
_2CC
999 _c295046
_d295046